Women, girls, boys, and men : (Record no. 130037)
[ view plain ]
| 000 -LEADER | |
|---|---|
| fixed length control field | 01092cam a2200277 a 4500 |
| 001 - CONTROL NUMBER | |
| control field | 15438163 |
| 003 - CONTROL NUMBER IDENTIFIER | |
| control field | ARRUPE |
| 005 - DATE AND TIME OF LATEST TRANSACTION | |
| control field | 20191114103954.0 |
| 008 - FIXED-LENGTH DATA ELEMENTS--GENERAL INFORMATION | |
| fixed length control field | 080904s2006 sz a b 000 0 eng |
| 010 ## - LIBRARY OF CONGRESS CONTROL NUMBER | |
| LC control number | 2008315505 |
| 040 ## - CATALOGING SOURCE | |
| Original cataloging agency | DLC |
| Transcribing agency | DLC |
| 042 ## - AUTHENTICATION CODE | |
| Authentication code | lcode |
| 050 00 - LIBRARY OF CONGRESS CALL NUMBER | |
| Classification number | HV553 |
| Item number | .W64 2006 |
| 300 ## - PHYSICAL DESCRIPTION | |
| Other physical details | ill. ; |
| Dimensions | 30 cm. |
| 245 00 - TITLE STATEMENT | |
| Title | Women, girls, boys, and men : |
| Remainder of title | different needs-- equal opportunities. |
| Statement of responsibility, etc | Inter-Agency standing committee |
| 260 ## - PUBLICATION, DISTRIBUTION, ETC. (IMPRINT) | |
| Place of publication, distribution, etc | [Geneva, Switzerland ; |
| -- | New York, N.Y.] : |
| Name of publisher, distributor, etc | Inter Agency Standing Committee, |
| Date of publication, distribution, etc | c2006. |
| 300 ## - PHYSICAL DESCRIPTION | |
| Extent | viii, 112 p. : |
| 500 ## - GENERAL NOTE | |
| General note | "December 2006." |
| 500 ## - GENERAL NOTE | |
| General note | "Gender handbook in humanitarian action." |
| 504 ## - BIBLIOGRAPHY, ETC. NOTE | |
| Bibliography, etc | Includes bibliographical references. |
| 650 #0 - SUBJECT ADDED ENTRY--TOPICAL TERM | |
| Topical term or geographic name as entry element | Disaster relief |
| General subdivision | Sex differences. |
| 9 (RLIN) | 48676 |
| 650 #0 - SUBJECT ADDED ENTRY--TOPICAL TERM | |
| Topical term or geographic name as entry element | Humanitarian assistance |
| General subdivision | Sex differences. |
| 9 (RLIN) | 48677 |
| 710 2# - ADDED ENTRY--CORPORATE NAME | |
| Corporate name or jurisdiction name as entry element | Inter-Agency Standing Committee. |
| 9 (RLIN) | 48678 |
| 906 ## - LOCAL DATA ELEMENT F, LDF (RLIN) | |
| a | 7 |
| b | cbc |
| c | origode |
| d | 3 |
| e | ncip |
| f | 20 |
| g | y-gencatlg |
| 942 ## - ADDED ENTRY ELEMENTS (KOHA) | |
| Source of classification or shelving scheme | Library of Congress Classification |
| Koha item type | Monograph ( Printed materials) |
| Withdrawn status | Lost status | Source of classification or shelving scheme | Damaged status | Not for loan | Collection code | Home library | Current library | Shelving location | Date acquired | Total Checkouts | Full call number | Barcode | Date last seen | Price effective from | Koha item type |
|---|---|---|---|---|---|---|---|---|---|---|---|---|---|---|---|
| Library of Congress Classification | Main Collection | ARRUPE LIBRARY | ARRUPE LIBRARY | Main Collection | 14/11/2019 | HV553 .W64 2006 | 46600005863 | 14/11/2019 | 14/11/2019 | Monograph ( Printed materials) |